000
00311nam a2200109Ia 4500
008
171211s9999 xx 000 0 und d
245
4
_a
The Cambridge Companion to the 'Origin of Species'
245
_c
Michael Ruse
260
_c
2008
650
_x
Biology
856
_u
http://down.ebook777.com/062/052169129X.pdf
999
_c
350398
_d
350398